00927nam a2200205 a 450000100100000000500170001000800410002702000150006804000250008308200130010811101370012124501090025824600610036726000750042830000330050370000260053670000310056295201110059399900170070400004088120201002034440.0130910s2005 pr ac 000 0 spa d z0865816123 aDO-SdBNPbspacBNPHU axxxbxxx1 aSan Juan Poly/Graphic Triennial: latin America and the Caribbeand(December 4, 2004 to March 6, 2005cSan Juan, Puerto Rico).96730910aSan Juan Poly/Graphic Triennial :bLatin America and the Caribbean /cAntonio Berni, Beatriz González.00aThe Evolution of Harbingers in Latin American Graphics / aSan Juan, Puerto Rico :bInstituto de Cultura Puertorriqueña,c2005. a1v. :bil., retrs. ;c28 cm.1 aBerni, Antonio9673101 aGonzález, Beatriz967311 001050718MOaGRbGRcCTd2013-09-10iLF1l0oxxx xxxp40881-10r2020-06-25w2020-06-25y1ZNo se presta c40371d40371